000 00372nam a2200157Ia 4500
008 230711s9999||||xx |||||||||||||| ||und||
041 _aENG
082 _a690
_bOH-B
100 _aOhri,Kapil
245 0 _aBuilding construction
250 _a6th Ed.
260 _c2011
_aJalandhar
_bIndia Publishing House
300 _a279p.
650 _aCivil Engineering
942 _cBK
999 _c9852
_d9852